000 00195nam a2200085Ia 4500
008 170617s9999 xx 000 0 und d
100 _aWAUGH- ANNA
245 0 _aANATOMY AND PHYSIOLOGY
260 _bElesvir Pub
260 _c2012
999 _c15558
_d15558